|
|
|
|
| LEADER |
00000nam a2200000 a 4500 |
| 001 |
UCG7310 |
| 003 |
CL-VaPUC |
| 008 |
110715e20100000UK |||||||||||||||||eng|d |
| 020 |
|
|
|a 9781845935634
|
| 082 |
0 |
4 |
|a 577.57
|b WHA
|2 21
|
| 100 |
0 |
|
|a Whalen, Joann K
|e author
|9 558005
|
| 700 |
0 |
|
|a Sampedro, Luis
|e author
|9 558006
|
| 245 |
1 |
0 |
|a Soil ecology and Management
|
| 300 |
|
|
|a 296 p
|
| 942 |
|
|
|c BK
|
| 945 |
|
|
|d 20110715 00:00:00
|a dcastane
|
| 260 |
|
|
|a Oxford
|b Cabi
|c 2010
|
| 650 |
|
7 |
|a ECOSISTEMA
|2 CL-VaPUC
|9 347937
|
| 650 |
|
7 |
|a SOL
|2 CL-VaPUC
|9 558007
|
| 650 |
|
0 |
|a Biología
|9 262022
|
| 650 |
|
0 |
|a Microorganismos
|9 264259
|
| 650 |
|
0 |
|a Plantas
|9 264555
|
| 650 |
|
0 |
|a Bacterias
|9 298237
|
| 583 |
|
|
|a last modification
|c 20110715 00:00:00
|k Rodrigo Vera
|
| 999 |
|
|
|c 345336
|d 345334
|
| 952 |
|
|
|0 0
|1 0
|4 0
|6 577_570000000000000_WHA_2010
|7 0
|8 A
|9 443966
|a BIBAGR
|b BIBAGR
|d 2019-11-22
|i 4787161
|l 2
|o 577.57 WHA 2010
|p 4787161
|r 2025-01-20
|s 2022-10-19
|w 2019-11-22
|y BK
|k AGR
|